American History: A brief view through reconstruction / (Record no. 187179)
[ view plain ]
| 000 -LEADER | |
|---|---|
| fixed length control field | 00665 a2200181 4500 |
| 003 - CONTROL NUMBER IDENTIFIER | |
| control field | Nust |
| 005 - DATE AND TIME OF LATEST TRANSACTION | |
| control field | 20230504125659.0 |
| 040 ## - CATALOGING SOURCE | |
| Transcribing agency | Nust |
| 082 ## - DEWEY DECIMAL CLASSIFICATION NUMBER | |
| Classification number | 973,ING |
| 100 ## - MAIN ENTRY--PERSONAL NAME | |
| Personal name | H.L .Ingle |
| 9 (RLIN) | 112111 |
| 245 ## - TITLE STATEMENT | |
| Title | American History: A brief view through reconstruction / |
| Statement of responsibility, etc. | H.L.Ingle |
| 260 ## - PUBLICATION, DISTRIBUTION, ETC. | |
| Place of publication, distribution, etc. | Boston, |
| Name of publisher, distributor, etc. | Little Brown Cop, |
| Date of publication, distribution, etc. | 1978. |
| 300 ## - PHYSICAL DESCRIPTION | |
| Extent | xi,291,lx, p. |
| 505 ## - FORMATTED CONTENTS NOTE | |
| Formatted contents note | Genesis (Page-1), Revolutionary (Page-55), Experiment in Nation Building (Page-103), Toward a National Unity (Page-157), Toward Sectional Division (Page-205), Civil War and Beyond (Page-247). |
| 600 ## - SUBJECT ADDED ENTRY--PERSONAL NAME | |
| Personal name | H.L.Ingle |
| 9 (RLIN) | 112112 |
| 650 ## - SUBJECT ADDED ENTRY--TOPICAL TERM | |
| Topical term or geographic name entry element | American History |
| 9 (RLIN) | 109008 |
| 942 ## - ADDED ENTRY ELEMENTS (KOHA) | |
| Source of classification or shelving scheme | |
| Koha item type | Book |
| Call number prefix | 973,ING |
| Withdrawn status | Lost status | Source of classification or shelving scheme | Damaged status | Not for loan | Permanent Location | Current Location | Shelving location | Date acquired | Full call number | Barcode | Date last seen | Price effective from | Koha item type | Public note |
|---|---|---|---|---|---|---|---|---|---|---|---|---|---|---|
| Military College of Signals (MCS) | Military College of Signals (MCS) | General Stacks | 12/12/2016 | 973,ING | MCS20806 | 12/08/2016 | 12/12/2016 | Book | Almirah No. 75, Shelf No. 8 |
